000 00481nam a22001817a 4500
003 MPLRDC
005 20220104144459.0
008 210129b ||||| |||| 00| 0 eng d
020 _a7-5035-2683-1
082 _a592.952 KLL
100 _a郭隆隆、潘光、金应忠主编
245 _a2003年美国对伊战争透视
_c
250 _a一版一刷
260 _a
_b中共中央党校出版社
_c2003
300 _b
650 _a各国战史
942 _cBK
_o592.952 KLL
999 _c50029
_d50019